Biletnikoff Winners - Statistics

General Stats
  • This quiz has been taken 38 times
  • The average score is 16 of 31
Answer Stats
Year Winner College Rec. Yds. % Correct
2020 DeVonta Smith Alabama 1856
100%
2019 Ja'Marr Chase LSU 1780
100%
2023 Marvin Harrison Jr. Ohio State 1211
100%
2024 Travis Hunter Colorado 1152
100%
1996 Marcus Harris Wyoming 1650
94%
2022 Jalin Hyatt Tennessee 1267
91%
2021 Jordan Addison Pitt 1593
91%
2018 Jerry Jeudy Alabama 1315
88%
2006 Calvin Johnson Georgia Tech 1202
75%
2008 Michael Crabtree Texas Tech 1165
69%
2007 Michael Crabtree Texas Tech 1962
69%
2014 Amari Cooper Alabama 1727
66%
2011 Justin Blackmon Oklahoma State 1522
63%
2010 Justin Blackmon Oklahoma State 1782
63%
2003 Larry Fitzgerald Pitt 1672
63%
1997 Randy Moss Marshall 1647
59%
2016 Dede Westbrook Oklahoma 1524
56%
2013 Brandin Cooks Oregon State 1730
44%
2017 James Washington Oklahoma State 1549
44%
2015 Corey Coleman Baylor 1363
38%
2009 Golden Tate Notre Dame 1496
38%
2004 Braylon Edwards Michigan 1330
22%
1998 Troy Edwards Louisiana Tech 1996
22%
2002 Charles Rogers Michigan State 1351
19%
2012 Marqise Lee USC 1721
19%
1995 Terry Glenn Ohio State 1316
16%
2000 Antonio Bryant Pitt 1302
9%
1994 Bobby Engram Penn State 1029
9%
1999 Troy Walters Stanford 1456
9%
2001 Josh Reed LSU 1740
6%
2005 Mike Hass Oregon State 1532
6%
No matching quizzes found
Score Distribution
Percent of People with Each Score
Percentile by Number Answered
Your Score History
You have not taken this quiz